000 01792nam0a2200385 4500
001 RU\NLR\bibl\1881006
005 20260408165804.0
010 _a978-5-904336-36-3
_91000
021 _aRU
_b2012-13824
_91039
035 _a(NLR Aleph) 001870778
035 _a(nilc)RSL-KNO-005401522
090 _a2658295
_c2658295
100 _a20120305d2011 k y0rusy50 ca
101 0 _arus
102 _aRU
105 _ay |||||||||
200 1 _aНа путях к учению о целостности: историко-философские очерки
_eколлективная монография
_e[сборник]
_fМеждунар. изд. центр Этносоциум
_gсост.-ред.: Ю.Н. Солонин
_g[науч. ред.: проф., д.филос.н. Соколов Е.Г.]
210 _aМосква
_cЭтносоциум
_d2011
215 _a212 с.
_d21
320 _aБиблиогр. в подстроч. примеч.
606 _aЦелостность (филос.)
_jСборники
_91301451
_3RU\NLR\auth\66539055
610 0 _aкартина мира
686 _aЮ212.1,0
_2rubbk
686 _aЮ251,0
_2rubbk
686 _aЮ212.83я43
702 1 _4220
_7ca
_8rus
_aСолонин
_bЮ. Н.
_gЮрий Никифорович
_928562
_3RU\NLR\auth\7745626
702 1 _4340
_7ca
_8rus
_aСоколов
_bЕ. Г.
_cд-р филос. наук
_f1961-
_gЕвгений Георгиевич
_924653
_3RU\NLR\AUTH\7741705
712 0 2 _4570
_a"Этносоциум", международный издательский центр
_cМосква
_9749978
_3RU\NLR\AUTH\8810126311
801 0 _aRU
_bRuMoRKP
_c20120305
_grcr
801 1 _aRU
_bРГБ
_c20120305
801 2 _aRU
_bNLR
_c20120316
_grcr
942 _cBOOK
980 _aNB
980 _aNBR